| 000 | 01051nam a2200253Ia 4500 | ||
|---|---|---|---|
| 003 | OSt | ||
| 005 | 20200930164400.0 | ||
| 008 | 191128t2017 ck ao gr 000 0dspa d | ||
| 020 | _a9789585971158 | ||
| 040 |
_aCO-JMCR _cCO-JMCR |
||
| 041 | 0 | _aspa | |
| 082 | 0 | 4 |
_a925.09861 / _bG212j _223 |
| 100 | 1 |
_aGaravito Silva, Gonzalo, _eautor _911053 |
|
| 245 | 1 | 0 |
_aJulio Garavito Armero / _cGonzalo Garavito Silva |
| 260 |
_aBogotá : _bSociedad Geográfica de Colombia, _c©2017 |
||
| 300 |
_a220 páginas : _bfotografías a color y blanco y negro ; _c16 cm. |
||
| 490 | 0 |
_aSerie F ; _v1 |
|
| 500 | _aIncluye datos biográficos del autor en contraportada. | ||
| 504 | _aBibliografía: páginas 215-220 | ||
| 505 | 0 | _aUna mirada previa -- La familia -- Un estudiante brillante -- La vida universitaria -- El astrónomo -- Sociedades, ciencia y progreso -- El círculo de los 9 puntos -- Ensayo sobre economía | |
| 600 | 1 | 4 |
_aGaravito Armero, Julio, _xbiografías _y1865-1920 _911054 |
| 650 | 1 | 4 |
_aCrítica e interpretación _911055 |
| 942 |
_2ddc _cBK |
||
| 999 |
_c3330 _d3330 |
||